000 00683nam a2200205 a 4500
005 20140310183339.0
008 061115s19uu xx 00 eng d
020 _a1591397138
050 _aHF 5549.5.E42
_b.W3348 2005
245 _aWhen people are the problem what will you do? /
260 _aBoston, Massachusetts :
_bHarvard Business School Press,
_c2005.
300 _a178 p. :
_c22 cm.
440 _aManagement Dilemmas
521 _aBSBA
650 _aProblem employees
_xProblems, exercises, etc.
650 _aPersonnel management
_xProblems, exercises, etc.
650 _aInterpersonal relations
_xProblems, exercises, etc.
942 _cBK
_2lcc
_kFOR
999 _c21766
_d21766